• 首页
  • 本馆介绍
  • 公告通知
  • 最新文献
  • 馆藏检索
  • 电子资源
  • 读者导购
  • 参考咨询
  • 我的图书馆
  • 登录
  • 详细信息显示
  • 放入我的书架
  • 预约/预借图书
  • 作者相关作品
  • 分类相关作品
  • 丛书相关作品
  • 出版社相关作品

书目信息

  • 表格格式
  • 工作单格式
  • 卡片格式
题名:
把农村建设得更像农村
    
 
作者: 柳建 著
分册:   太子小镇
出版信息: 南京   江苏凤凰科学技术出版社  2019
页数: 143页
开本: 24cm
丛书名: 中国乡村建设系列丛书
单 册:
中图分类: TU26 , TU2
科图分类:
主题词: 建筑设计--荆门--建筑设计--中国
电子资源:
ISBN: 978-7-5713-0079-1
000 00938oam2 2200265 450
001 2365327070
005 20231102180904.67
010    @a978-7-5713-0079-1@dCNY58.00
100    @a20190612d2019 em y0chiy50 ea
101 0  @achi
102    @aCN@b320000
105    @aab z 000yy
200 1  @a把农村建设得更像农村@9ba nong cun jian she de geng xiang nong cun@i太子小镇@f柳建著
210    @a南京@c江苏凤凰科学技术出版社@d2019
215    @a143页@c图,彩照,地图@d24cm
225 2  @a中国乡村建设系列丛书
300    @a清农学堂系列教材 湖南农道公益基金会资助
330    @a本书通过实景图片和建设前后对比图,让读者充分了解太子小镇建设过程中的变化。全书共分四个部分,内容包括:激活小镇、太子小镇今与昔、小镇营造、手记。
461  0 @12001 @a中国乡村建设系列丛书
606 0  @a建筑设计@y荆门@a建筑设计@y中国
690    @aTU26@v5
690    @aTU2@v4
701  0 @a柳建@9liu jian@4著
801  0 @aCN@b91MARC@c20190612
905    @aBZT@dTU2@e15:4
    
    把农村建设得更像农村.太子小镇/柳建著.-南京:江苏凤凰科学技术出版社,2019
    143页:图,彩照,地图;24cm.-(中国乡村建设系列丛书)
    清农学堂系列教材 湖南农道公益基金会资助
    
    ISBN 978-7-5713-0079-1:CNY58.00
    本书通过实景图片和建设前后对比图,让读者充分了解太子小镇建设过程中的变化。全书共分四个部分,内容包括:激活小镇、太子小镇今与昔、小镇营造、手记。
●
相关链接 在五车中查询图书 在当当中查询图书 在豆瓣中查询图书


正题名:把农村建设得更像农村     索取号:TU2/15:4         预约/预借

序号 登录号 条形码 馆藏地/架位号 状态 备注
1 2000977369   2000977369   中教、安徽混合/山东中教(第一批)/105/ [索取号:TU2/15:4] 在馆    
2 2000977370   2000977370   中教、安徽混合/山东中教(第一批)/105/ [索取号:TU2/15:4] 在馆    
3 2000977371   2000977371   中教、安徽混合/山东中教(第一批)/105/ [索取号:TU2/15:4] 在馆    
4 2000977372   2000977372   中教、安徽混合/山东中教(第一批)/105/ [索取号:TU2/15:4] 在馆    
5 2000977373   2000977373   中教、安徽混合/山东中教(第一批)/105/ [索取号:TU2/15:4] 在馆    
6 2000977374   2000977374   中教、安徽混合/山东中教(第一批)/105/ [索取号:TU2/15:4] 在馆    
山东省滨州职业学院图书馆 欢迎您!
大连网信软件有限公司© 版权所有